000 00303nam a2200121Ia 4500
008 190216s9999||||xx |||||||||||||| ||und||
100 _aDesai S S M
245 0 _aDevelopment Of Indian Economic Thought
260 _bHimalaya Publishing House
_c1981
300 _a298p
650 _aEconomics
942 _cBK
999 _c9944
_d9944